[Event "ZMDI-Open 2013"]
[Site "Dresden"]
[Date "2013.08.16"]
[Round "7"]
[White "Pancevski, F."]
[Black "Rjabzev, K."]
[Result "1-0"]
[WhiteElo "2484"]
[BlackElo "2287"]
[PlyCount "71"]
[EventDate "2013.??.??"]

1. e4 d6 2. d4 Nf6 3. Nc3 g6 4. h3 Bg7 5. Be3 c6 6. a4 O-O 7. Nf3 Qc7 8. Be2 e5
9. dxe5 dxe5 10. O-O Nh5 11. Re1 Nf4 12. Bf1 Ne6 13. a5 Rd8 14. Nd2 Nd4 15. Na4
b5 16. axb6 axb6 17. c3 b5 18. cxd4 exd4 19. Bg5 Re8 20. Bh4 bxa4 21. Rxa4 Rxa4
22. Qxa4 Bd7 23. b4 Bxh3 24. Bg3 Be5 25. Bxe5 Qxe5 26. Nc4 Qg5 27. Qa5 Qxa5 28.
bxa5 Be6 29. Nd6 Rf8 30. Rc1 Nd7 31. Rxc6 Ra8 32. Rc8+ Rxc8 33. Nxc8 Nc5 34.
Nb6 Bd7 35. Nxd7 Nxd7 36. Bb5 1-0

[Event "ZMDI-Open 2013"]
[Site "Dresden"]
[Date "2013.08.16"]
[Round "7"]
[White "Schröder, J."]
[Black "Sergeev, V."]
[Result "1/2-1/2"]
[WhiteElo "2355"]
[BlackElo "2432"]
[PlyCount "49"]
[EventDate "2013.??.??"]

1. e4 e6 2. d4 d5 3. Nd2 Nf6 4. e5 Nfd7 5. c3 c5 6. Bd3 b6 7. Qa4 c4 8. Bb1 a6
9. Qd1 b5 10. a3 Nc6 11. f4 Nb6 12. Qg4 g6 13. Ne2 Ra7 14. O-O Be7 15. Nf3 Kd7
16. Ng5 Qe8 17. Kh1 Kc7 18. Ng1 Kb8 19. Qe2 a5 20. Bd2 Ba6 21. N1f3 Qf8 22. Qe1
b4 23. axb4 axb4 24. cxb4 Bb5 25. Ra2 1/2-1/2

[Event "ZMDI-Open 2013"]
[Site "Dresden"]
[Date "2013.08.16"]
[Round "7"]
[White "Neef, M."]
[Black "Wichmann, C."]
[Result "1/2-1/2"]
[WhiteElo "2252"]
[BlackElo "2360"]
[PlyCount "20"]
[EventDate "2013.??.??"]

1. Nf3 Nf6 2. c4 e6 3. g3 d5 4. b3 d4 5. e3 c5 6. Bg2 Nc6 7. exd4 cxd4 8. O-O
Bd6 9. Re1 O-O 10. d3 e5 1/2-1/2

[Event "ZMDI-Open 2013"]
[Site "Dresden"]
[Date "2013.08.16"]
[Round "7"]
[White "Seres, L."]
[Black "Budzyn, M."]
[Result "1-0"]
[WhiteElo "2442"]
[BlackElo "2167"]
[PlyCount "45"]
[EventDate "2013.??.??"]

1. Nf3 Nf6 2. c4 g6 3. Nc3 d5 4. d4 Bg7 5. h4 dxc4 6. e4 c5 7. d5 e6 8. Bxc4
exd5 9. Nxd5 O-O 10. Bg5 Nc6 11. e5 Re8 12. O-O Rxe5 13. Nxf6+ Bxf6 14. Qxd8+
Bxd8 15. Bxd8 Bg4 16. Bc7 Bxf3 17. gxf3 Rh5 18. Bg3 Nd4 19. Kg2 Nf5 20. Rh1 Rd8
21. Rae1 Rd4 22. Re8+ Kg7 23. Be5+ 1-0

[Event "ZMDI-Open 2013"]
[Site "Dresden"]
[Date "2013.08.16"]
[Round "7"]
[White "Bräuer, F."]
[Black "Maiwald, J."]
[Result "0-1"]
[WhiteElo "2282"]
[BlackElo "2468"]
[PlyCount "146"]
[EventDate "2013.??.??"]

1. e4 d6 2. d4 Nf6 3. Nc3 g6 4. f3 a6 5. Be3 Nbd7 6. Qd2 b5 7. g4 Nb6 8. a3 Bb7
9. g5 Nfd7 10. h4 Bg7 11. h5 Rg8 12. f4 Na4 13. Nxa4 Bxe4 14. Bg2 Bxg2 15. Qxg2
bxa4 16. Qc6 Rb8 17. O-O-O Qc8 18. Nf3 Qb7 19. Qxb7 Rxb7 20. Nd2 Nb6 21. c4 e6
22. Kc2 Kd7 23. hxg6 hxg6 24. Rh7 Kc6 25. Kd3 Nc8 26. Rb1 Ne7 27. b4 Nf5 28.
Bf2 Kd7 29. Ne4 c6 30. Rhh1 Rgb8 31. Nc3 Kc7 32. Rbc1 a5 33. b5 cxb5 34. cxb5
Kd7 35. Rb1 d5 36. Rh7 Ke8 37. Bg1 Kf8 38. Rh2 Nd6 39. Nxa4 Rxb5 40. Rhb2 Ke8
41. Bf2 Kd7 42. Rxb5 Rxb5 43. Rxb5 Nxb5 44. Nc5+ Kc6 45. a4 Na3 46. Be1 Nc4 47.
Nb3 Kb6 48. Bc3 Bf8 49. Nc1 Bd6 50. Ne2 Kc6 51. Kc2 Kd7 52. Bd2 Ke7 53. Bc1 f6
54. Ng1 fxg5 55. fxg5 e5 56. dxe5 Bxe5 57. Nf3 Ke6 58. Nh4 Kf7 59. Nf3 Bg3 60.
Bd2 Ke6 61. Nd4+ Kd6 62. Nb3 Nb6 63. Nxa5 Nxa4 64. Nb7+ Ke5 65. Kb3 Nb6 66. Ba5
Bf2 67. Nd8 Nc4 68. Bc3+ Kf5 69. Nf7 Bc5 70. Bb4 Be3 71. Kc3 Bd2+ 72. Kb3 Bxg5
73. Bc3 Bf4 0-1

[Event "ZMDI-Open 2013"]
[Site "Dresden"]
[Date "2013.08.16"]
[Round "7"]
[White "Petzold, G."]
[Black "Wagner, D."]
[Result "1/2-1/2"]
[WhiteElo "2238"]
[BlackElo "2465"]
[PlyCount "72"]
[EventDate "2013.??.??"]

1. d4 Nf6 2. c4 g6 3. Nc3 d5 4. Bg5 Ne4 5. Bh4 Nxc3 6. bxc3 dxc4 7. e3 Be6 8.
Nf3 Bg7 9. Be2 Nd7 10. Ng5 Bd5 11. e4 h6 12. exd5 hxg5 13. Bxg5 Nb6 14. Bf3
Nxd5 15. Qa4+ c6 16. Qxc4 Qd6 17. Bxd5 Qxd5 18. Qxd5 cxd5 19. Rb1 b6 20. Kd2
Kd7 21. Rb5 Rac8 22. a4 e6 23. h3 Rc6 24. Rhb1 Re8 25. R1b3 Kc7 26. a5 f6 27.
axb6+ axb6 28. Be3 Ra8 29. h4 Bf8 30. Kd3 Bd6 31. g3 Kb7 32. Rb1 f5 33. R5b3
Bc7 34. Bd2 Kc8 35. h5 gxh5 36. Rh1 Kb7 1/2-1/2

[Event "ZMDI-Open 2013"]
[Site "Dresden"]
[Date "2013.08.16"]
[Round "7"]
[White "Shvayger, Y."]
[Black "Fraczek, D."]
[Result "1/2-1/2"]
[WhiteElo "2265"]
[BlackElo "2422"]
[PlyCount "104"]
[EventDate "2013.??.??"]

1. e4 e6 2. d4 d5 3. Nd2 Nf6 4. e5 Nfd7 5. Bd3 c5 6. c3 Nc6 7. Ngf3 g6 8. h4 h6
9. O-O g5 10. hxg5 hxg5 11. g4 Be7 12. Kg2 Qb6 13. dxc5 Qc7 14. Bb5 Ndxe5 15.
Rh1 Rg8 16. Nxe5 Qxe5 17. Nf3 Qe4 18. Qd4 Bd7 19. Bxc6 Bxc6 20. Re1 O-O-O 21.
Rxe4 dxe4 22. Ne5 Rxd4 23. cxd4 f5 24. Nxc6 bxc6 25. b3 Bf6 26. Bb2 Rh8 27. Rh1
Rxh1 28. Kxh1 f4 29. Kg2 Kd7 30. f3 e3 31. Kf1 Bg7 32. Ke2 e5 33. dxe5 Ke6 34.
Bc3 Bf8 35. Bd4 Bg7 36. Bc3 Bxe5 37. Ba5 Bf6 38. Kd3 Kd5 39. b4 Ke6 40. Bc7 Kd7
41. Bb8 a6 42. Ba7 Bd8 43. Bb6 Bxb6 44. cxb6 Kc8 45. a4 a5 46. bxa5 Kb7 47. Kc3
c5 48. Kd3 Ka6 49. Kc3 c4 50. Kc2 Kb7 51. Kc3 Kc6 52. Kc2 Kb7 1/2-1/2

[Event "ZMDI-Open 2013"]
[Site "Dresden"]
[Date "2013.08.16"]
[Round "7"]
[White "Donchenko, A."]
[Black "Chlost, M."]
[Result "1-0"]
[WhiteElo "2364"]
[BlackElo "2183"]
[PlyCount "87"]
[EventDate "2013.??.??"]

1. c4 Nf6 2. Nc3 e5 3. g3 d5 4. cxd5 Nxd5 5. Bg2 Nb6 6. Nf3 Nc6 7. O-O Be7 8.
a3 O-O 9. b4 Be6 10. d3 a5 11. b5 Nd4 12. Rb1 f6 13. a4 Bb4 14. Bd2 c6 15. bxc6
Nxc6 16. Ne4 Qe7 17. Rc1 Ba3 18. Ra1 Bb4 19. Qb1 Rfc8 20. Qb2 Bxd2 21. Nfxd2
Qb4 22. Rfb1 Qxb2 23. Rxb2 Nb4 24. Nd6 Rc2 25. Rxc2 Nxc2 26. Rc1 Nd4 27. Kf1
Nxa4 28. Nxb7 Nb6 29. e3 Nb5 30. Rc6 Rc8 31. Rxe6 Rc1+ 32. Ke2 Nc3+ 33. Kf3 a4
34. Rxb6 a3 35. Ra6 a2 36. Nb3 Rb1 37. N7c5 h5 38. h4 Rb2 39. Bh3 g5 40. Be6+
Kf8 41. Ra8+ Ke7 42. Ra7+ Kd6 43. Ne4+ Nxe4 44. Ra6+ 1-0

[Event "ZMDI-Open 2013"]
[Site "Dresden"]
[Date "2013.08.16"]
[Round "7"]
[White "Zwahr, P."]
[Black "Stock, A."]
[Result "1-0"]
[WhiteElo "2363"]
[BlackElo "2107"]
[PlyCount "57"]
[EventDate "2013.??.??"]

1. e4 c5 2. Nf3 Nc6 3. d4 cxd4 4. Nxd4 g6 5. Nc3 Bg7 6. Be3 Nf6 7. Bc4 O-O 8.
Bb3 a5 9. O-O a4 10. Nxa4 Nxe4 11. c4 d6 12. Re1 Nf6 13. Nb5 Ra6 14. Qe2 Be6
15. Rad1 Nd7 16. c5 Bxb3 17. axb3 Qb8 18. cxd6 exd6 19. Rxd6 Nf6 20. Nc5 Ra8
21. Red1 Rd8 22. Rxd8+ Nxd8 23. Bg5 Nc6 24. Nd6 b6 25. Na4 Ne8 26. Nxf7 Kxf7
27. Qc4+ Kf8 28. Rd7 Ne5 29. Be7# 1-0

[Event "ZMDI-Open 2013"]
[Site "Dresden"]
[Date "2013.08.16"]
[Round "7"]
[White "Andre, G."]
[Black "Pallas, S."]
[Result "0-1"]
[WhiteElo "2333"]
[BlackElo "1903"]
[PlyCount "114"]
[EventDate "2013.??.??"]

1. c4 Nf6 2. Nc3 d5 3. cxd5 Nxd5 4. Qb3 Nb6 5. d3 g6 6. h4 Nc6 7. h5 Be6 8. Qd1
Bg7 9. Nf3 Qd7 10. h6 Bd4 11. Ne4 Bd5 12. Nxd4 Nxd4 13. Nc3 Bc6 14. b3 O-O-O
15. Bb2 Rhe8 16. Qd2 e5 17. O-O-O f5 18. Rg1 a5 19. e3 Ne6 20. Be2 Qe7 21. Nb1
Rd5 22. Ba3 Qh4 23. g3 Qxh6 24. Qc3 Red8 25. Nd2 Bb5 26. Rh1 Qg7 27. Nc4 Kb8
28. Nxa5 Qd7 29. Nc4 Qc6 30. Rxh7 Nc5 31. Re7 e4 32. d4 Nd3+ 33. Bxd3 exd3 34.
Rxd3 Nxc4 35. bxc4 Bxc4 36. Rd2 Rh8 37. Rc2 b5 38. Bc5 Rh1+ 39. Kb2 Qa6 40. Qa3
Qxa3+ 41. Kxa3 Kb7 42. Kb2 Bd3 43. Rd2 Rb1+ 44. Kc3 Be4 45. Rg7 Rc1+ 46. Kb4
Rb1+ 47. Kc3 Rc1+ 48. Kb4 Rcxc5 49. Rxg6 Rc1 50. Rb2 c6 51. g4 Rd8 52. a4 Rc4+
53. Kb3 Rxa4 54. Kc3 Kb6 55. gxf5 Rc4+ 56. Kd2 Rf8 57. Rg4 Rxf5 0-1

[Event "ZMDI-Open 2013"]
[Site "Dresden"]
[Date "2013.08.16"]
[Round "7"]
[White "Bogomolow, S."]
[Black "Siedentopf, D."]
[Result "0-1"]
[WhiteElo "2206"]
[BlackElo "2311"]
[PlyCount "88"]
[EventDate "2013.??.??"]

1. e4 e6 2. d4 d5 3. Nd2 Nf6 4. e5 Nfd7 5. f4 c5 6. c3 Nc6 7. Ndf3 cxd4 8. cxd4
f5 9. Bd3 Be7 10. Ne2 Nb6 11. O-O Bd7 12. Kh1 a5 13. Rg1 Rc8 14. g4 O-O 15.
gxf5 exf5 16. Nc3 a4 17. Rg2 Qe8 18. Qg1 Qf7 19. Be3 Nd8 20. Rc1 Ne6 21. Rgc2
Qh5 22. Qf2 Qg4 23. Rg1 Qh5 24. Ne2 Rxc2 25. Bxc2 Kh8 26. Ng3 Qh3 27. Rg2 g6
28. Bd3 Bc6 29. b3 axb3 30. axb3 Ra8 31. Ng1 Qh4 32. Qd2 Rf8 33. Nf3 Qh6 34.
Ng5 Bxg5 35. fxg5 Qh4 36. Ne2 f4 37. Bf2 Qh5 38. Rg1 Nc4 39. Qc2 Nxe5 40. dxe5
Qf3+ 41. Rg2 d4 42. Qxc6 Qxc6 43. Nxd4 Nxd4 44. Bxd4 Rd8 0-1

[Event "ZMDI-Open 2013"]
[Site "Dresden"]
[Date "2013.08.16"]
[Round "7"]
[White "Hansch, K."]
[Black "Hess, C."]
[Result "1/2-1/2"]
[WhiteElo "2141"]
[BlackElo "2273"]
[PlyCount "49"]
[EventDate "2013.??.??"]

1. c4 c6 2. g3 d5 3. Bg2 e5 4. d4 dxc4 5. dxe5 Qxd1+ 6. Kxd1 Be6 7. Nf3 Na6 8.
Be3 Ne7 9. Nd4 Bd5 10. Bxd5 Nxd5 11. Nd2 Nxe3+ 12. fxe3 Rd8 13. Kc1 Rd5 14. e6
Bb4 15. N2f3 O-O 16. e4 Rdd8 17. Kc2 Rde8 18. exf7+ Rxf7 19. e5 Nc7 20. a3 Ba5
21. Ng5 Rd7 22. Ndf3 Ne6 23. Nxe6 Rxe6 24. Rad1 Rxd1 25. Rxd1 1/2-1/2

[Event "ZMDI-Open 2013"]
[Site "Dresden"]
[Date "2013.08.16"]
[Round "7"]
[White "Osmanodja, F."]
[Black "Hansch, T."]
[Result "1-0"]
[WhiteElo "2290"]
[BlackElo "2116"]
[PlyCount "113"]
[EventDate "2013.??.??"]

1. e4 c5 2. Nf3 d6 3. d4 cxd4 4. Nxd4 Nf6 5. Nc3 a6 6. Be3 e5 7. Nf3 Qc7 8. a4
Be7 9. Be2 O-O 10. O-O Nc6 11. Nd2 Nd4 12. Bd3 Be6 13. Bxd4 exd4 14. Ne2 d5 15.
Nxd4 dxe4 16. Nxe6 fxe6 17. Nxe4 Nxe4 18. Bxe4 Rf6 19. c3 Raf8 20. Rc1 Bc5 21.
Rc2 Qf4 22. Qd3 Rh6 23. g3 Qg4 24. Bg2 Qh5 25. h3 Rhf6 26. b4 Ba7 27. c4 a5 28.
Qb3 axb4 29. Qxb4 Bc5 30. Qxb7 Qg6 31. Qb3 e5 32. Re2 Rb6 33. Qc3 Bd4 34. Qa3
Rfb8 35. Kh2 Rb3 36. Qe7 Qd3 37. Qe6+ Kh8 38. Qg4 Qxc4 39. Be4 Qf7 40. Rc2 Rb2
41. Rfc1 Rxc2 42. Rxc2 g6 43. Kg2 Kg7 44. h4 Rb2 45. Rxb2 Bxb2 46. a5 Bd4 47.
Qe2 h5 48. a6 Qa7 49. Qa2 Qb6 50. Qa4 Kf8 51. Qd7 Qxa6 52. Qd8+ Kg7 53. Qe7+
Kh6 54. Qf8+ Kh7 55. Qf7+ Kh6 56. Qf8+ Kh7 57. Bd5 1-0

[Event "ZMDI-Open 2013"]
[Site "Dresden"]
[Date "2013.08.16"]
[Round "7"]
[White "Schöne, M."]
[Black "Hentze, M."]
[Result "0-1"]
[WhiteElo "2240"]
[BlackElo "2106"]
[PlyCount "116"]
[EventDate "2013.??.??"]

1. e4 c5 2. Nf3 d6 3. d4 cxd4 4. Nxd4 Nf6 5. Nc3 a6 6. Be3 e5 7. Nb3 Be7 8. h3
h5 9. Qe2 Be6 10. O-O-O Qc7 11. f4 b5 12. f5 Bc8 13. Bg5 Nbd7 14. a3 Bb7 15.
Qe3 Rc8 16. Bd3 d5 17. exd5 Nxd5 18. Nxd5 Bxd5 19. Kb1 f6 20. Bh4 Qb7 21. Rd2
Nc5 22. Nxc5 Bxc5 23. Qe2 Qf7 24. Rhd1 O-O 25. Be4 Ba2+ 26. Ka1 Bd4 27. Bf2 Bc4
28. Qf3 Bxf2 29. Qxf2 Qc7 30. Rd7 Qc5 31. Qd2 Bf7 32. g4 Qc4 33. Rxf7 Qxe4 34.
Qd7 Rxf7 35. Qxc8+ Rf8 36. Qe6+ Kh7 37. Kb1 a5 38. Qe7 Rc8 39. Rc1 b4 40. Qe6
Qc4 41. Qxc4 Rxc4 42. axb4 axb4 43. Rg1 g6 44. fxg6+ Kxg6 45. gxh5+ Kxh5 46.
Rf1 Kg5 47. Kc1 f5 48. Kd2 f4 49. c3 bxc3+ 50. bxc3 Ra4 51. Rg1+ Kf5 52. h4
Ra2+ 53. Kd3 e4+ 54. Kd4 Rd2+ 55. Kc4 e3 56. h5 Ke4 57. h6 Rh2 58. Rg6 e2 0-1

[Event "ZMDI-Open 2013"]
[Site "Dresden"]
[Date "2013.08.16"]
[Round "7"]
[White "Proschmann, T."]
[Black "Böttger, L."]
[Result "0-1"]
[WhiteElo "2091"]
[BlackElo "2240"]
[PlyCount "112"]
[EventDate "2013.??.??"]

1. e4 c5 2. Nf3 d6 3. d4 cxd4 4. Nxd4 Nf6 5. Nc3 a6 6. Be2 Nbd7 7. O-O g6 8.
Be3 Bg7 9. a4 O-O 10. a5 Re8 11. Kh1 Qc7 12. Nb3 b5 13. Bd4 Bb7 14. f3 Rac8 15.
Bd3 Ne5 16. Bxe5 dxe5 17. Qe1 Nh5 18. g3 Nf6 19. Qe3 h5 20. Qb6 e6 21. Rfd1 Bf8
22. Qxc7 Rxc7 23. Kg2 Rec8 24. Kf2 Nd7 25. Ke2 Nb8 26. f4 Nc6 27. Bxb5 Nd4+ 28.
Rxd4 exd4 29. Nxd4 Bc5 30. Nb3 axb5 31. Nxb5 Ba6 32. c4 Rb7 33. Nxc5 Rxc5 34.
Nd6 Rxb2+ 35. Kd3 Rc6 36. e5 Rb3+ 37. Kd4 Rb4 38. Kc3 Rbxc4+ 39. Nxc4 Rxc4+ 40.
Kb3 Rc6 41. Rd1 Kf8 42. h4 Ke7 43. Kb4 Bc4 44. Rd6 Bd5 45. Rxc6 Bxc6 46. Kc5
Kd7 47. a6 Kc7 48. a7 Bf3 49. Kb5 Bb7 50. Kc5 Bc6 51. Kb4 Kb6 52. Kc4 Kxa7 53.
Kc5 Kb7 54. Kd6 Kb6 55. Ke7 Be4 56. Kxf7 Bf5 0-1

[Event "ZMDI-Open 2013"]
[Site "Dresden"]
[Date "2013.08.16"]
[Round "7"]
[White "Herrich, C."]
[Black "Paul, J."]
[Result "1/2-1/2"]
[WhiteElo "2080"]
[BlackElo "2238"]
[PlyCount "20"]
[EventDate "2013.??.??"]

1. e4 e6 2. d4 d5 3. Nc3 Bb4 4. e5 c5 5. a3 Bxc3+ 6. bxc3 Ne7 7. h4 Nbc6 8. h5
h6 9. Rh4 Nf5 10. Rf4 Bd7 1/2-1/2

[Event "ZMDI-Open 2013"]
[Site "Dresden"]
[Date "2013.08.16"]
[Round "7"]
[White "Sturm, T."]
[Black "Vrublevskaya, O."]
[Result "0-1"]
[WhiteElo "2030"]
[BlackElo "2176"]
[PlyCount "60"]
[EventDate "2013.??.??"]

1. d4 Nf6 2. Nf3 g6 3. c4 Bg7 4. g3 O-O 5. Bg2 d6 6. Nc3 Nbd7 7. O-O e5 8. e4
c6 9. Rb1 exd4 10. Nxd4 Re8 11. h3 Nc5 12. Re1 Qb6 13. Nb3 Nxb3 14. axb3 Be6
15. Bf4 Nh5 16. Bxd6 Rad8 17. g4 Nf4 18. Na4 Qa5 19. Nc5 Nxg2 20. Kxg2 Rxd6 21.
Qxd6 Bf8 22. Nxb7 Qb6 23. Qd3 Qxb7 24. Re3 Bg7 25. f4 c5 26. Kg3 Bd4 27. Rf3
Bd7 28. b4 Qxb4 29. Ra1 Bc6 30. Qb3 Qd2 0-1

[Event "ZMDI-Open 2013"]
[Site "Dresden"]
[Date "2013.08.16"]
[Round "7"]
[White "Heinemann, J."]
[Black "Rozov, B."]
[Result "0-1"]
[WhiteElo "2003"]
[BlackElo "2152"]
[PlyCount "104"]
[EventDate "2013.??.??"]

1. e4 c6 2. d4 g6 3. c4 d5 4. exd5 cxd5 5. Nc3 Nf6 6. Nf3 Bg7 7. Ne5 O-O 8. Be3
Nbd7 9. cxd5 Nb6 10. Qb3 a5 11. Bc4 a4 12. Qb5 Bf5 13. O-O Ne4 14. Rfd1 Nd6 15.
Qb4 f6 16. Be2 fxe5 17. dxe5 Ndc8 18. g4 Bd7 19. e6 Be8 20. d6 exd6 21. e7 Qxe7
22. Bxb6 Nxb6 23. Qxb6 Bc6 24. Bc4+ Kh8 25. Bd5 a3 26. Bxc6 bxc6 27. Rab1 axb2
28. Qxb2 Qh4 29. Rd3 Qxg4+ 30. Rg3 Qf5 31. Rf1 Be5 32. f4 Bd4+ 33. Kh1 Rfe8 34.
Qg2 Qc5 35. Ne2 Rxa2 36. Rxg6 hxg6 37. Qh3+ Kg8 38. Qb3+ Qd5+ 39. Qxd5+ cxd5
40. Nxd4 Re4 41. Nb5 Ree2 42. Rc1 Rxh2+ 43. Kg1 Rag2+ 44. Kf1 Rb2 45. Kg1 Rhc2
46. Rxc2 Rxc2 47. Nxd6 Kg7 48. Kf1 Kf6 49. Nb5 Rc4 50. Ke2 Rxf4 51. Ke3 Rb4 52.
Nd4 Rxd4 0-1

[Event "ZMDI-Open 2013"]
[Site "Dresden"]
[Date "2013.08.16"]
[Round "7"]
[White "Sponheim, M."]
[Black "Jürgens, K."]
[Result "0-1"]
[WhiteElo "2073"]
[BlackElo "2148"]
[PlyCount "60"]
[EventDate "2013.??.??"]

1. e4 g6 2. d4 Bg7 3. Nc3 d6 4. f4 Nf6 5. Nf3 O-O 6. Be3 b6 7. e5 Ng4 8. Bg1 c5
9. h3 Nh6 10. dxc5 bxc5 11. Qd5 Qb6 12. Qd2 Nc6 13. Rb1 Nf5 14. Nd5 Qb7 15. c3
Ng3 16. Rh2 Nxf1 17. Kxf1 Qa6+ 18. Ke1 Qxa2 19. Rd1 Rb8 20. g3 Be6 21. exd6
exd6 22. Be3 Rb7 23. b4 Bxd5 24. Qxa2 Bxa2 25. Rxa2 Bxc3+ 26. Bd2 Re8+ 27. Kf1
Nxb4 28. Ra5 Bxd2 29. Rxd2 Re3 30. Ne1 Rbe7 0-1

[Event "ZMDI-Open 2013"]
[Site "Dresden"]
[Date "2013.08.16"]
[Round "7"]
[White "Baskin, R."]
[Black "Vogel, R."]
[Result "1/2-1/2"]
[WhiteElo "2138"]
[BlackElo "2072"]
[PlyCount "39"]
[EventDate "2013.??.??"]

1. e4 d6 2. d4 Nf6 3. Nc3 g6 4. f4 Bg7 5. Nf3 O-O 6. Bd3 Nc6 7. O-O Bg4 8. e5
dxe5 9. dxe5 Nd5 10. h3 Bxf3 11. Qxf3 Ncb4 12. Be4 c6 13. a3 Nxc3 14. Qxc3 Nd5
15. Qb3 Qb6+ 16. Qxb6 Nxb6 17. c3 Rfd8 18. Be3 Nc4 19. Bd4 e6 20. Rf2 1/2-1/2

[Event "ZMDI-Open 2013"]
[Site "Dresden"]
[Date "2013.08.16"]
[Round "7"]
[White "Günnigmann, M."]
[Black "Niegsch, N."]
[Result "1-0"]
[WhiteElo "2140"]
[BlackElo "2004"]
[PlyCount "91"]
[EventDate "2013.??.??"]

1. e4 c5 2. Nf3 d6 3. d4 cxd4 4. Nxd4 Nf6 5. Nc3 Nc6 6. Bc4 Qb6 7. Nb3 e6 8.
O-O Be7 9. Qe2 O-O 10. Bd2 Rd8 11. Bd3 a6 12. Kh1 Qc7 13. f4 b5 14. Rae1 b4 15.
Nd1 e5 16. Ne3 Be6 17. f5 Bc8 18. Nd5 Qb7 19. Nxe7+ Nxe7 20. Na5 Qc7 21. Bxb4
Nc6 22. Nxc6 Qxc6 23. Bd2 h6 24. c4 Bb7 25. b4 Qd7 26. Qd1 Rab8 27. a4 d5 28.
cxd5 Nxd5 29. exd5 Qxd5 30. Rf3 Qd4 31. Rg3 e4 32. Bxh6 exd3 33. Bxg7 Qxg7 34.
Rxg7+ Kxg7 35. Qg4+ Kf6 36. Qh4+ Kxf5 37. Qh5+ Kf6 38. Qh6+ Kf5 39. Qh5+ Kf6
40. Rf1+ Ke6 41. Qxf7+ Kd6 42. Rf6+ Ke5 43. Qe7+ Kd5 44. Qc5+ Ke4 45. Re6+ Kf4
46. Qe5+ 1-0

[Event "ZMDI-Open 2013"]
[Site "Dresden"]
[Date "2013.08.16"]
[Round "7"]
[White "Müller, M."]
[Black "Mager, D."]
[Result "0-1"]
[WhiteElo "2264"]
[BlackElo "2006"]
[PlyCount "154"]
[EventDate "2013.??.??"]

1. d4 Nf6 2. Nf3 d5 3. Bf4 c5 4. e3 cxd4 5. exd4 Bf5 6. c3 Nc6 7. Bd3 Bg6 8.
Bxg6 hxg6 9. Nbd2 e6 10. Qe2 Bd6 11. Bg5 Qc7 12. h3 Rc8 13. a3 Na5 14. Qb5+ Nd7
15. O-O O-O 16. Rfe1 a6 17. Qd3 b5 18. Re2 Nb6 19. Rae1 Na4 20. Nf1 Nb6 21. g3
Nac4 22. Bc1 Nd7 23. Kg2 Nf6 24. Ng5 Rfe8 25. f4 a5 26. Nh2 b4 27. axb4 axb4
28. Ng4 Nxg4 29. hxg4 bxc3 30. bxc3 Nb6 31. Bd2 Nc4 32. Bc1 Nb6 33. Bb2 Nc4 34.
Ba1 Qd7 35. Rh1 Ra8 36. Kf3 Kf8 37. f5 gxf5 38. gxf5 e5 39. Kg4 g6 40. Qf3 e4
41. Qf2 Qxf5+ 42. Qxf5 gxf5+ 43. Kxf5 Bxg3 44. Ree1 Bxe1 45. Rxe1 Ra2 46. Rh1
Rea8 47. Bb2 Nxb2 48. Nh7+ Ke7 49. Nf6 R2a5 50. Rb1 Rb8 51. Ng4 Rab5 52. Rh1
Nc4 53. Rh7 Nd6+ 54. Ke5 Rg8 55. Kf4 Rb1 56. Ne3 Rb5 57. Rh5 Rc8 58. Re5+ Kd7
59. Nxd5 Rxd5 60. Rxd5 Rxc3 61. Ke5 Rc6 62. Kf4 Ke7 63. Re5+ Kf6 64. Rh5 Rc3
65. Rh6+ Ke7 66. Ke5 f6+ 67. Kd5 e3 68. Rh2 Ra3 69. Rh7+ Nf7 70. Rh2 Ng5 71.
Rb2 Ra5+ 72. Kc6 Ke6 73. Re2 Ra3 74. d5+ Ke5 75. Rc2 Rd3 76. Ra2 Rxd5 77. Ra8
e2 0-1

[Event "ZMDI-Open 2013"]
[Site "Dresden"]
[Date "2013.08.16"]
[Round "7"]
[White "Barthel, A."]
[Black "Scherer, F."]
[Result "1-0"]
[WhiteElo "2244"]
[BlackElo "2072"]
[PlyCount "69"]
[EventDate "2013.??.??"]

1. e4 c6 2. d4 d5 3. Nc3 dxe4 4. Nxe4 Bf5 5. Ng3 Bg6 6. h4 h6 7. Bd3 Bxd3 8.
Qxd3 e6 9. Bf4 Nf6 10. O-O-O Bd6 11. N1e2 Bxf4+ 12. Nxf4 Nbd7 13. Kb1 Qc7 14.
Qf3 O-O-O 15. Ngh5 e5 16. dxe5 Nxe5 17. Qh3+ Kb8 18. Nxg7 Neg4 19. Qf3 Rxd1+
20. Rxd1 Rd8 21. Rxd8+ Qxd8 22. Nd3 Qc7 23. Nh5 Qd6 24. Nxf6 Nxf6 25. Qe3 h5
26. Qe5 Kc7 27. Kc1 a6 28. Kd2 Kd7 29. Ke2 b6 30. c4 c5 31. Qxd6+ Kxd6 32. Kf3
Ke6 33. Kf4 Ng4 34. f3 Nf6 35. Kg5 1-0

[Event "ZMDI-Open 2013"]
[Site "Dresden"]
[Date "2013.08.16"]
[Round "7"]
[White "Hecht, C."]
[Black "Böhm, R."]
[Result "1/2-1/2"]
[WhiteElo "2087"]
[BlackElo "2178"]
[PlyCount "124"]
[EventDate "2013.??.??"]

1. e4 c5 2. Nf3 Nc6 3. d4 cxd4 4. Nxd4 Nf6 5. Nc3 e5 6. Ndb5 d6 7. Bg5 a6 8.
Na3 b5 9. Nd5 Be7 10. Bxf6 Bxf6 11. c3 Bg5 12. g3 O-O 13. Bg2 Ne7 14. Nxe7+
Bxe7 15. O-O Qb6 16. Nc2 Be6 17. Ne3 Rac8 18. Nd5 Bxd5 19. Qxd5 Rc5 20. Qb3 Rb8
21. a3 g6 22. Kh1 Rc4 23. f4 Kg7 24. Rad1 Bf6 25. Rd2 Rb7 26. Qd1 Rc6 27. Rf3
a5 28. Rfd3 Be7 29. fxe5 dxe5 30. Rd7 Rxd7 31. Rxd7 Rd6 32. Rxd6 Bxd6 33. h3 b4
34. axb4 axb4 35. cxb4 Qxb4 36. b3 Bc5 37. Kh2 Qc3 38. Qf3 Qe1 39. Qf1 Qe3 40.
Qd1 h5 41. h4 Qc3 42. Qf3 Be3 43. Qd1 Bf2 44. Qf3 Be3 45. Qd1 Bd4 46. Kh3 Kf8
47. Bf1 Bf2 48. Qd3 Qe1 49. Bg2 Bd4 50. Qf3 Ke7 51. Bf1 f6 52. Bc4 Qd2 53. Qe2
Qc1 54. Qf1 Qc2 55. Qd3 Qc1 56. Qf1 Qb2 57. Qe2 Qb1 58. Qf3 Qe1 59. Bd5 Qd2 60.
Bc4 Bg1 61. Qe2 Qc1 62. Qf1 Qxf1+ 1/2-1/2

[Event "ZMDI-Open 2013"]
[Site "Dresden"]
[Date "2013.08.16"]
[Round "7"]
[White "Richter, G."]
[Black "Kieslich, A."]
[Result "1/2-1/2"]
[WhiteElo "2127"]
[BlackElo "2011"]
[PlyCount "102"]
[EventDate "2013.??.??"]

1. d4 Nf6 2. c4 e6 3. Nf3 b6 4. g3 Bb7 5. Bg2 Be7 6. O-O O-O 7. Nc3 Ne4 8. Qd3
Nxc3 9. Qxc3 c5 10. Rd1 d6 11. Be3 Nd7 12. a3 Rc8 13. b4 cxd4 14. Bxd4 e5 15.
Be3 d5 16. Nxe5 Nxe5 17. Qxe5 Bf6 18. Qf4 Bxa1 19. Rxa1 Rxc4 20. Bd4 Qc7 21.
Qd2 Rc2 22. Qg5 f6 23. Qe3 Kf7 24. Bf3 Qe7 25. Qd3 Rc4 26. e3 g6 27. h4 Rfc8
28. Kg2 Rc1 29. Ra2 Qc7 30. Qb5 Qc6 31. Qxc6 Bxc6 32. a4 Bb7 33. a5 bxa5 34.
Rxa5 a6 35. Bxd5+ Bxd5+ 36. Rxd5 Ke6 37. Ra5 R8c6 38. b5 axb5 39. Rxb5 Rc7 40.
h5 g5 41. g4 R1c6 42. Rf5 Rf7 43. Ba1 Rd6 44. e4 Rd1 45. Bc3 h6 46. f3 Rd3 47.
Ba1 Rd2+ 48. Kh3 Ra2 49. Bd4 Ra6 50. Kg3 Rc6 51. Bb2 Rc2 1/2-1/2

[Event "ZMDI-Open 2013"]
[Site "Dresden"]
[Date "2013.08.16"]
[Round "7"]
[White "Frey, A."]
[Black "Urban, L."]
[Result "1-0"]
[WhiteElo "2089"]
[BlackElo "2127"]
[PlyCount "89"]
[EventDate "2013.??.??"]

1. e4 e6 2. d4 d5 3. Nc3 Nf6 4. Bg5 dxe4 5. Nxe4 Be7 6. Bxf6 gxf6 7. Nf3 b6 8.
Bc4 Bb7 9. Ng3 Nc6 10. O-O Qd7 11. c3 O-O-O 12. Qe2 h5 13. Ba6 h4 14. Ne4 Rdg8
15. Rfd1 f5 16. Nc5 Bxc5 17. dxc5 Qe7 18. b4 f4 19. a4 e5 20. a5 e4 21. axb6
cxb6 22. Bxb7+ Kxb7 23. b5 Nb8 24. Qa2 Kc8 25. cxb6 axb6 26. Qc4+ Kb7 27. Qd5+
Kc8 28. Ra4 exf3 29. Rc4+ Qc7 30. Rxc7+ Kxc7 31. Qxf3 Rd8 32. Qxf4+ Kc8 33.
Qc4+ Kb7 34. Qxf7+ Kc8 35. Re1 Rd7 36. Qf6 Rh5 37. Qxb6 Re5 38. Kf1 Rdd5 39. c4
Rxe1+ 40. Kxe1 Re5+ 41. Kd2 Nd7 42. Qh6 Rc5 43. Qxh4 Nb6 44. Kd3 Kd7 45. Qd4+
1-0

[Event "ZMDI-Open 2013"]
[Site "Dresden"]
[Date "2013.08.16"]
[Round "7"]
[White "Mertens, F."]
[Black "Faldum, M."]
[Result "1/2-1/2"]
[WhiteElo "2097"]
[BlackElo "1886"]
[PlyCount "79"]
[EventDate "2013.??.??"]

1. e4 c5 2. Nf3 g6 3. d4 cxd4 4. Nxd4 Bg7 5. c4 Nc6 6. Be3 Nf6 7. Nc3 O-O 8.
Be2 d6 9. O-O Nxd4 10. Bxd4 Bd7 11. f4 Bc6 12. Bf3 a5 13. Nd5 Nd7 14. Bxg7 Kxg7
15. Qd4+ Kg8 16. Kh1 Bxd5 17. cxd5 Qb6 18. Qxb6 Nxb6 19. Rac1 Rfc8 20. Bg4 Rxc1
21. Rxc1 Kf8 22. b3 Ke8 23. Rc7 Rb8 24. Kg1 Kd8 25. Rc3 Nd7 26. Bxd7 Kxd7 27.
Kf2 Rc8 28. Rxc8 Kxc8 29. Ke3 Kc7 30. Kd4 Kb6 31. g4 Kb5 32. a3 Kb6 33. e5 f5
34. gxf5 gxf5 35. exd6 exd6 36. Kc4 Ka6 37. a4 Kb6 38. Kd4 Ka6 39. Kc4 Kb6 40.
Kd4 1/2-1/2